| 000 | 01223nam a2200301Ia 4500 | ||
|---|---|---|---|
| 001 | ebr10654705 | ||
| 003 | CaPaEBR | ||
| 006 | m u | ||
| 007 | cr cn||||||||| | ||
| 008 | 120130s2012 nyu sb 001 0 eng d | ||
| 010 | _z 2012932046 | ||
| 020 | _z9781619423466 (hardcover) | ||
| 020 | _z9781619423510 | ||
| 040 |
_aCaPaEBR _cCaPaEBR |
||
| 035 | _a(OCoLC)828140624 | ||
| 050 | 1 | 4 |
_aQR188.8 _b.A28 2012eb |
| 245 | 0 | 0 |
_aAcute rejection _h[electronic resource] : _brisk factors, management and complications / _cTakumi Kobayashi, Riku Arai, editors. |
| 260 |
_aHauppauge, NY : _bNova Science Publishers, Inc., _c2012. |
||
| 300 | _axi, 197 p. | ||
| 490 | 0 | _aImmunology and immune system disorders | |
| 504 | _aIncludes bibliographical references and index. | ||
| 533 |
_aElectronic reproduction. _bPalo Alto, Calif. : _cebrary, _d2013. _nAvailable via World Wide Web. _nAccess may be limited to ebrary affiliated libraries. |
||
| 650 | 0 | _aGraft rejection. | |
| 650 | 0 | _aTransplantation immunology. | |
| 655 | 7 |
_aElectronic books. _2local |
|
| 710 | 2 | _aebrary, Inc. | |
| 856 | 4 | 0 |
_uhttp://site.ebrary.com/lib/rucke/Doc?id=10654705 _zAn electronic book accessible through the World Wide Web; click to view |
| 999 |
_c180421 _d180421 |
||